| 000 | nam a22 7a 4500 | ||
|---|---|---|---|
| 999 |
_c29937 _d29936 |
||
| 003 | OSt | ||
| 005 | 20170913110119.0 | ||
| 008 | 170913b xxu||||| |||| 00| 0 eng d | ||
| 020 | _a9966213287 | ||
| 040 |
_aMMU _beng _cMMU _dMMU |
||
| 050 | _aRA777.S85 2010 | ||
| 100 | _aGaboury J.A.M | ||
| 245 |
_aIntroduction to the international system of units/ _cJ.A.M Gaboury |
||
| 260 |
_aToronto: _bMontreal, _c1990. |
||
| 300 | _a172p.; | ||
| 650 | _aintroduction to the international system | ||
| 942 |
_2lcc _cLOAN LOAN |
||